Statistics for Municipalities of Aichi Prefecture

Click here to take the quiz!

General Stats

  • This quiz has been taken 167 times
  • The average score is 35 of 54

Answers on the Map

Answers color-coded by a green-red scale on the quiz's map according to % correct below.
 

Answer Stats

Answer% Correct
Nagoya 名古屋
100%
Toyota 豊田
96%
Toyohashi 豊橋
90%
Ichinomiya 一宮
86%
Okazaki 岡崎
86%
Toyokawa 豊川
84%
Inuyama 犬山
82%
Handa 半田
78%
Seto 瀬戸
78%
Tokoname 常滑
78%
Nishio 西尾
76%
Anjo 安城
75%
Chita 知多
75%
Gamagori 蒲郡
75%
Kitanagoya 北名古屋
75%
Tahara 田原
75%
Minamichita 南知多
73%
Nisshin 日進
73%
Chiryu 知立
71%
Kariya 刈谷
71%
Toyoake 豊明
71%
Yatomi 弥富
71%
Ama あま
69%
Kasugai 春日井
69%
Komaki 小牧
69%
Konan 江南
67%
Nagakute 長久手
67%
Tokai 東海
67%
Tsushima 津島
67%
Hekinan 碧南
65%
Iwakura 岩倉
65%
Owariasahi 尾張旭
65%
Inazawa 稲沢
63%
Obu 大府
63%
Kanie 蟹江
59%
Kiyosu 清須
59%
Agui 阿久比
57%
Shinshiro 新城
57%
Taketoyo 武豊
57%
Togo 東郷
55%
Tobishima 飛島
53%
Miyoshi みよし
49%
Aisai 愛西
47%
Takahama 高浜
47%
Toyoyama 豊山
47%
Shitara 設楽
45%
Toei 東栄
43%
Toyone 豊根
43%
Fuso 扶桑
41%
Higashiura 東浦
41%
Kota 幸田
39%
Oguchi 大口
39%
Mihama 美浜
37%
Oharu 大治
37%

Score Distribution

Percentile by Number Answered

Percent of People with Each Score

Your Score History

You have not taken this quiz